000 01729nam a22003737a 4500
003 CHAP
005 20220817042245.0
008 971013s1964 r 00010 d
010 _a38835
011 _a39807
035 _a43932
040 _cCHAP
082 _a338.98
_bI58e
110 _aInstituto de Desarrollo Económico
_959113
245 _aEstudios por regiones y por países
260 _aWashington :
_bEl Instituto,
_c1964-
300 _a2 v
500 _aLittle. El desarrollo económico de Italia durante la década de 1950, por P.N. Rosenstein-Rodan. Problemas fundamentales de la economía mexicana, por Victor L. Urquidi. La gran contienda económica: la URSS contra E.U.A., por A. Bergson. Hechos básic
505 _aContenido: v.1 desarrollo económico de la América Latina y algunos de los principales problemas, por Raul Prebish. La evolución económica argentina durante los últimos 40 años, por Loreto M. Domínguez. El problema del desarrollo de la economía a
590 _aBATCH-UPD
_b10
_c20130109
_lUCH01
_h2340
590 _aBATCH-UPD
_b10
_c20130110
_lUCH01
_h1026
590 _aBATCH-UPD
_b10
_c20130409
_lUCH01
_h1908
590 _aBATCH-UPD
_b10
_c20130410
_lUCH01
_h0630
590 _aBATCH-UPD
_b10
_c20130914
_lUCH01
_h1150
590 _aCONVERSION
_b10
_c20130109
_lUCH01
_h1322
650 1 4 _aAmerica Latina
_xCondiciones economicas.
_95390
650 1 4 _aDesarrollo económico.
650 1 4 _aEuropa
_xCondiciones económicas.
_938863
650 1 4 _aIndia
_xCondiciones económicas.
_957542
901 _aBK
942 _cLIBRO
949 _a338.98 I58e
_bBC
_cLIBRO
_d33724000384020
_eLIBRO
_fv.1
_h6783
_i43932
_si
949 _a338.98 I58e
_bBC
_cLIBRO
_d33724000384384
_eLIBRO
_fv.2
_h6784
_i43932
_si
999 _c38835
_d38835